000 00555nam a2200193Ia 4500
003 GCL
008 140319s9999 xx 000 0 ara d
040 _aGCL /
_cGCL
082 0 4 _a928.1
_bر س
100 1 _aروؤف سلامة موسى
245 1 0 _aسلامة موسى ابى /
_cروؤف سلامة موسى
250 _aالاولى
260 _aالقاهرة :
_bدار مطابع المستقبل ،
_c1992
300 _a241 ص ؛
_c25 سم
490 _a
650 0 4 _aالادباء
650 0 4 _aسلامة موسى
942 _2ddc
_cBK
999 _c54839
_d54839